Statistics for Name the MIDI instruments

Click here to take the quiz!

General Stats

  • This quiz has been taken 2 times
  • The average score is 25 of 128

Answer Stats

#GroupInstrument% Correct
43stringscello
100%
72reedclarinet
100%
74pipeflute
100%
42stringsviola
100%
41stringsviolin
100%
22organaccordian
50%
66reedalto saxophone
50%
127sound effectsapplause
50%
110ethnicbag pipe
50%
106ethnicbanjo
50%
68reedbaritone saxophone
50%
71reedbassoon
50%
20organchurch organ
50%
8pianoclavinet
50%
16chromatic percussiondulcimer
50%
34basselectric bass (finger)
50%
36basselectric bass (fretless)
50%
35basselectric bass (picked)
50%
3pianoelectric grand piano
50%
61brassfrench horn
50%
128sound effectsgunshot
50%
23organharmonica
50%
7pianoharpsichord
50%
109ethnickalimba
50%
13chromatic percussionmarimba
50%
69reedoboe
50%
80pipeocarina
50%
47stringsorchestral harp
50%
73pipepiccolo
50%
75piperecorder
50%
5pianorhodes piano
50%
105ethnicsitar
50%
65reedsoprano saxophone
50%
97synth fxsynth fx 1 (rain)
50%
104synth fxsynth fx 8 (scifi)
50%
86synth leadsynth lead 6 (voice)
50%
92synth padsynth pad 4 (choir)
50%
67reedtenor saxophone
50%
48stringstimpani
50%
58brasstrombone
50%
57brasstrumpet
50%
59brasstuba
50%
15chromatic percussiontubular bells
50%
12chromatic percussionvibraphone
50%
14chromatic percussionxylophone
50%
33bassaccoustic bass
0%
1pianoaccoustic grand piano
0%
25guitaraccoustic guitar (nylon)
0%
26guitaraccoustic guitar (steel)
0%
114percussiveagogo
0%
24organbandoneon
0%
124sound effectsbird tweet
0%
77pipeblown bottle
0%
62brassbrass section
0%
122sound effectsbreath noise
0%
2pianobright accoustic piano
0%
9chromatic percussioncelesta
0%
53ensemblechoir aahs
0%
6pianochorused piano
0%
44stringscontrabass
0%
17organdrawbar organ
0%
28guitarelectric guitar (clean)
0%
31guitarelectric guitar (distortion)
0%
32guitarelectric guitar (harmonics)
0%
27guitarelectric guitar (jazz)
0%
29guitarelectric guitar (muted)
0%
30guitarelectric guitar (overdrive)
0%
70reedenglish horn
0%
111ethnicfiddle
0%
10chromatic percussionglockenspiel
0%
121sound effectsguitar fret noise
0%
126sound effectshelicopter
0%
4pianohonky tonk piano
0%
108ethnickoto
0%
118percussivemelodic tom
0%
11chromatic percussionmusic box
0%
60brassmuted trumpet
0%
56ensembleorchestra hit
0%
76pipepan flute
0%
18organpercussive organ
0%
46stringspizzicato strings
0%
21organreed organ
0%
120percussivereverse cymbal
0%
19organrock organ
0%
123sound effectsseashore
0%
78pipeshakuhachi
0%
107ethnicshamisen
0%
112ethnicshanai
0%
37bassslap bass 1
0%
38bassslap bass 2
0%
115percussivesteel drums
0%
49ensemblestring ensemble 1 (marcato)
0%
50ensemblestring ensemble 2 (slow)
0%
39basssynth bass 1
0%
40basssynth bass 2
0%
63brasssynth brass 1
0%
64brasssynth brass 2
0%
119percussivesynth drum
0%
98synth fxsynth fx 2 (soundtrack)
0%
99synth fxsynth fx 3 (crystal)
0%
100synth fxsynth fx 4 (atmosphere)
0%
101synth fxsynth fx 5 (brightness)
0%
102synth fxsynth fx 6 (goblins)
0%
103synth fxsynth fx 7 (echoes)
0%
81synth leadsynth lead 1 (square)
0%
82synth leadsynth lead 2 (sawtooth)
0%
83synth leadsynth lead 3 (calliope)
0%
84synth leadsynth lead 4 (chiff)
0%
85synth leadsynth lead 5 (charang)
0%
87synth leadsynth lead 7 (fifths)
0%
88synth leadsynth lead 8 (bass)
0%
89synth padsynth pad 1 (new age)
0%
90synth padsynth pad 2 (warm)
0%
91synth padsynth pad 3 (polysynth)
0%
93synth padsynth pad 5 (bowed glass)
0%
94synth padsynth pad 6 (metallic)
0%
95synth padsynth pad 7 (halo)
0%
96synth padsynth pad 8 (sweep)
0%
51ensemblesynth strings 1
0%
52ensemblesynth strings 2
0%
55ensemblesynth voice
0%
117percussivetaiko drum
0%
125sound effectstelephone ring
0%
113percussivetinkle bell
0%
45stringstremolo strings
0%
54ensemblevoice oohs
0%
79pipewhistle
0%
116percussivewoodblock
0%

Score Distribution

Percentile by Number Answered

Percent of People with Each Score

Your Score History

You have not taken this quiz